Statystyki dla W Kuchni na literę "S"

Kliknij tutaj aby rozwiązać quiz!

Ogólne statystyki

  • Ten quiz został rozwiązany 386 razy
  • Średni wynik to 8 z 30

Statystyki odpowiedzi

HintOdpowiedź% Poprawnych
5.Sól
76%
11.Ser
68%
7.Stół
66%
8.Szafka
47%
3.Szynka
46%
16.Sok
43%
23.Szklanka
41%
20Szklanka
41%
9.Seler
33%
19.Słoik
33%
12.Sos
32%
6.Solniczka
31%
4.Smalec
26%
21.Sitko
24%
10.Szczypior
24%
29.Szczypior
24%
1.Syrop
20%
30.Stołek
19%
28.Sezam
17%
15.Sernik
16%
17.Sokowirówka
15%
2.Salceson
13%
25.Słonina
12%
24.Słomka
9%
13.Sushi
8%
26.Szarlotka
6%
18.Szybkowar
4%
14.Serdelek
3%
27.Smoczy Owoc
1%
22.Słupek
0%

Rozkład punktacji

Percentyl według liczby udzielonych odpowiedzi

Procent ludzi z każdym wynikiem

Twoja historia wyników

Nie rozwiązałeś tego quizu